| 000 | 07352nam a22007097a 4500 | ||
|---|---|---|---|
| 005 | 20090119143636.0 | ||
| 008 | 090119t xxu||||| |||| 00| 1 eng d | ||
| 010 | _aB-344637-669 | ||
| 020 |
_a8170118433 _c75.00 |
||
| 020 |
_a9798170118434 _c75.00 |
||
| 035 | _aB-344637-669 | ||
| 035 | _aB-357736 | ||
| 037 | _bTarun Books | ||
| 040 |
_adpl _bEnglish |
||
| 082 | _aS | ||
| 110 | _aillustrated by Tapas Guha | ||
| 245 |
_a(Twenty two) 22 short stories / _cedited by Bhavana Nair; illustrated by Tapas Guha |
||
| 260 |
_aNew Delhi _bChildren Book Trust _c2008 (repr.) |
||
| 270 |
_aNehru House, 4 Bahadur shah Zafar Marg _bNew Delhi _e110002 _l23721090 _mcbtnd@cbtnd.com |
||
| 300 |
_a148p. _c23cm. (Hb) _bill. |
||
| 700 | _aNair, Bhavana | ||
| 700 | _aGuha, Tapas | ||
| 710 | _aedited by Bhavana Nair | ||
| 366 | _b2007 | ||
| 942 |
_2ddc _cCH _hS _mTWE |
||
| 999 |
_c21741 _d21741 |
||